<?xml version="1.0" encoding="UTF-8"?>
<record
    xmlns:xsi="http://www.w3.org/2001/XMLSchema-instance"
    xsi:schemaLocation="http://www.loc.gov/MARC21/slim http://www.loc.gov/standards/marcxml/schema/MARC21slim.xsd"
    xmlns="http://www.loc.gov/MARC21/slim">

  <leader>02148nam a2200433 i 4500</leader>
  <controlfield tag="001">196267</controlfield>
  <controlfield tag="003">ES-MaACL</controlfield>
  <controlfield tag="005">20250708181336.0</controlfield>
  <controlfield tag="008">240823s2022    sp a   | ||||o000 0dspa  </controlfield>
  <datafield tag="015" ind1=" " ind2=" ">
    <subfield code="a">MON23</subfield>
  </datafield>
  <datafield tag="017" ind1=" " ind2=" ">
    <subfield code="a">GC 606-2022</subfield>
    <subfield code="b">Oficina Dep&#xF3;sito Legal Gran Canaria</subfield>
  </datafield>
  <datafield tag="020" ind1=" " ind2=" ">
    <subfield code="a">9788479478193</subfield>
  </datafield>
  <datafield tag="035" ind1=" " ind2=" ">
    <subfield code="a">(SpMaBN)a7258167</subfield>
  </datafield>
  <datafield tag="035" ind1=" " ind2=" ">
    <subfield code="a">991048152129708606</subfield>
  </datafield>
  <datafield tag="040" ind1=" " ind2=" ">
    <subfield code="a">SpMaBN</subfield>
    <subfield code="b">spa</subfield>
    <subfield code="c">SpMaBN</subfield>
    <subfield code="e">rda</subfield>
  </datafield>
  <datafield tag="080" ind1=" " ind2=" ">
    <subfield code="a">929 Saint-Sa&#xEB;ns, Camille (083.824)</subfield>
  </datafield>
  <datafield tag="080" ind1=" " ind2=" ">
    <subfield code="a">78 Saint-Sa&#xEB;ns, Camille (083.824)</subfield>
  </datafield>
  <datafield tag="110" ind1="2" ind2=" ">
    <subfield code="9">141596</subfield>
    <subfield code="a">Casa-Museo de Col&#xF3;n (Las Palmas de Gran Canaria)</subfield>
  </datafield>
  <datafield tag="245" ind1="0" ind2="0">
    <subfield code="a">Camille Saint-Sa&#xEB;ns en Gran Canaria :</subfield>
    <subfield code="b">Casa de Col&#xF3;n, Las Palmas de Gran Canaria, 2022 / </subfield>
    <subfield code="c">comisario, Dionisio Rodr&#xED;guez Su&#xE1;rez ; textos, Marie-Gabrielle Soret, St&#xE9;phane Leteur&#xE9;, Pierre Ickowicz, Dionisio Rodr&#xED;guez.</subfield>
  </datafield>
  <datafield tag="264" ind1=" " ind2="1">
    <subfield code="a">Las Palmas de Gran Canaria :</subfield>
    <subfield code="b">Instituto Canario de Desarrollo Cultural S.A., Direcci&#xF3;n General de Patrimonio Cultural, Viceconsejer&#xED;a de Cultura y Patrimonio Cultural del Gobierno de Canarias, </subfield>
    <subfield code="c">2022.</subfield>
  </datafield>
  <datafield tag="300" ind1=" " ind2=" ">
    <subfield code="a">79 p&#xE1;ginas :</subfield>
    <subfield code="b">ilustraciones (blanco y negro y color) ;</subfield>
    <subfield code="c">24 cm.</subfield>
  </datafield>
  <datafield tag="336" ind1=" " ind2=" ">
    <subfield code="a">Texto</subfield>
    <subfield code="a">Imagen fija</subfield>
    <subfield code="2">rdacontent</subfield>
  </datafield>
  <datafield tag="337" ind1=" " ind2=" ">
    <subfield code="a">sin mediaci&#xF3;n</subfield>
    <subfield code="2">rdamedia</subfield>
  </datafield>
  <datafield tag="338" ind1=" " ind2=" ">
    <subfield code="a">volumen</subfield>
    <subfield code="2">rdacarrier</subfield>
  </datafield>
  <datafield tag="500" ind1=" " ind2=" ">
    <subfield code="a">Exposici&#xF3;n celebrada en la Casa de Col&#xF3;n, en las Palmas de Gran Canaria en 2022.</subfield>
  </datafield>
  <datafield tag="600" ind1="0" ind2="4">
    <subfield code="a">Saint-Sa&#xEB;ns, Camille, </subfield>
    <subfield code="d">1835-1921</subfield>
    <subfield code="9">101553</subfield>
  </datafield>
  <datafield tag="655" ind1=" " ind2="7">
    <subfield code="a">Cat&#xE1;logos de exposiciones</subfield>
    <subfield code="2">tgfbne</subfield>
    <subfield code="9">193628</subfield>
  </datafield>
  <datafield tag="700" ind1=" " ind2=" ">
    <subfield code="a">Rodr&#xED;guez Su&#xE1;rez, Dionisio</subfield>
    <subfield code="9">238599</subfield>
    <subfield code="e">orm</subfield>
  </datafield>
  <datafield tag="700" ind1=" " ind2=" ">
    <subfield code="a">Soret, Marie-Gabrielle</subfield>
    <subfield code="9">238600</subfield>
    <subfield code="e">aut</subfield>
  </datafield>
  <datafield tag="700" ind1=" " ind2=" ">
    <subfield code="a">Leteur&#xE9;, St&#xE9;phane</subfield>
    <subfield code="9">238601</subfield>
    <subfield code="e">aut</subfield>
  </datafield>
  <datafield tag="700" ind1=" " ind2=" ">
    <subfield code="a">Ickowicz, Pierre</subfield>
    <subfield code="9">238602</subfield>
    <subfield code="e">aut</subfield>
  </datafield>
  <datafield tag="710" ind1="2" ind2=" ">
    <subfield code="a">Casa-Museo de Col&#xF3;n (Las Palmas de Gran Canaria)</subfield>
    <subfield code="9">141596</subfield>
    <subfield code="e">his</subfield>
  </datafield>
  <datafield tag="852" ind1=" " ind2=" ">
    <subfield code="a">ES-MaACL</subfield>
    <subfield code="b">R.154473</subfield>
    <subfield code="c">DEPOJ</subfield>
    <subfield code="j">N-9321</subfield>
    <subfield code="h">Donaci&#xF3;n: Editorial</subfield>
    <subfield code="x">Encuadernaci&#xF3;n r&#xFA;stica con solapas</subfield>
    <subfield code="9">205392</subfield>
  </datafield>
  <datafield tag="942" ind1=" " ind2=" ">
    <subfield code="c">MONOGRAFIA</subfield>
    <subfield code="n">0</subfield>
  </datafield>
  <datafield tag="999" ind1=" " ind2=" ">
    <subfield code="c">196267</subfield>
    <subfield code="d">196267</subfield>
  </datafield>
  <datafield tag="952" ind1=" " ind2=" ">
    <subfield code="0">0</subfield>
    <subfield code="1">0</subfield>
    <subfield code="2">udc</subfield>
    <subfield code="4">0</subfield>
    <subfield code="7">0</subfield>
    <subfield code="a">ATENEOM</subfield>
    <subfield code="b">ATENEOM</subfield>
    <subfield code="c">DEPOJ</subfield>
    <subfield code="d">2025-05-10</subfield>
    <subfield code="e">DONACION</subfield>
    <subfield code="l">0</subfield>
    <subfield code="o">N-9321</subfield>
    <subfield code="p">101230044</subfield>
    <subfield code="r">2025-05-10 00:00:00</subfield>
    <subfield code="w">2025-05-10</subfield>
    <subfield code="y">MONOGRAFIA</subfield>
  </datafield>
</record>
